Library Banner

Muslim students and Pakistan movement selected documents (1937-1947 (Record no. 81208)

MARC details
000 -LEADER
fixed length control field 00404nam a22001337a 4500
005 - DATE AND TIME OF LATEST TRANSACTION
control field 20160106121338.0
008 - FIXED-LENGTH DATA ELEMENTS--GENERAL INFORMATION
fixed length control field 160106b xxu||||| |||| 00| 0 eng d
040 ## - CATALOGING SOURCE
Transcribing agency PK-LaUMT
082 ## - DEWEY DECIMAL CLASSIFICATION NUMBER
Classification number MMC 954.91
Item number MUS-
245 ## - TITLE STATEMENT
Title Muslim students and Pakistan movement selected documents (1937-1947
Statement of responsibility, etc Sarfaraz Hussain(Complied
260 ## - PUBLICATION, DISTRIBUTION, ETC. (IMPRINT)
Place of publication, distribution, etc Lahore
Name of publisher, distributor, etc University of the Punjab
Date of publication, distribution, etc 1989
300 ## - PHYSICAL DESCRIPTION
Extent 193 p.
942 ## - ADDED ENTRY ELEMENTS (KOHA)
Koha item type Books
Holdings
Withdrawn status Lost status Damaged status Home library Current library Date acquired Full call number Barcode Date last seen Price effective from Koha item type
      UMT Main Campus UMT Main Campus 2016-01-06 MMC 954.91 MUS- 95836 2016-01-06 2016-01-06 Books